Loading...
Current Events | 5 | 12.00 | 100% | 20% | 20% |
Fine Arts - Classical Music | 14 | 17.86 | 93% | 57% | 43% |
Fine Arts - Other Fine Arts | 13 | 14.62 | 85% | 39% | 23% |
Fine Arts - Painting & Sculpture | 9 | 14.44 | 67% | 67% | 11% |
Geography | 4 | 15.00 | 100% | 50% | 0% |
History - American History | 10 | 21.00 | 90% | 80% | 40% |
History - European History | 9 | 22.22 | 100% | 89% | 33% |
History - Other History | 12 | 18.33 | 83% | 67% | 33% |
History - World History | 12 | 16.67 | 83% | 58% | 25% |
Literature - American Literature | 9 | 18.89 | 100% | 56% | 33% |
Literature - British Literature | 8 | 18.75 | 100% | 88% | 0% |
Literature - European Literature | 9 | 15.56 | 89% | 44% | 22% |
Literature - World Literature | 9 | 20.00 | 100% | 89% | 11% |
Mythology | 5 | 14.00 | 100% | 40% | 0% |
Other Academic | 5 | 8.00 | 60% | 20% | 0% |
Philosophy | 14 | 16.43 | 93% | 50% | 21% |
Religion | 10 | 15.00 | 80% | 50% | 20% |
Science - Biology | 10 | 15.00 | 80% | 50% | 20% |
Science - Chemistry | 11 | 16.36 | 100% | 55% | 9% |
Science - Other Science | 9 | 20.00 | 89% | 89% | 22% |
Science - Physics | 10 | 22.00 | 100% | 90% | 30% |
Social Science | 13 | 19.23 | 100% | 69% | 23% |